000
00231 a2200097 4500
001
59519
100
_a
245
_a
Switched capacitor circuits
260
_a
New York
_b
Van Nostrand Reinhold
_c
1984
090
_c
36418
_d
36418
942
_a
NUST-CAE
_c
MONOGRAPH
_c
29356
999
_c
294592
_d
294592